000 00852nam a22002057a 4500
999 _c58573
_d58573
003 Ge_BSU
005 20220606132006.0
008 220606s2014 ge ||||| |||| 00| 0 geo d
020 _a9789941042331
041 _ageo
080 _a1(3) ხ-29
100 _aხასაია, ზურაბ
_913972
245 _aძველი მსოფლიოს ფილოსოფია /
_cზურაბ ხასაია ; რედ. ქეთევან მუხიგული.
264 _aთბილისი :
_bCarpe diem,
_c2014.
300 _a226 გვ. ;
_b20 სმ.
504 _aბიბლიოგრ.: გვ. 224-225.
653 _aძველი მსოფლიოს ფილოსოფია.
700 _aმუხიგული, ქეთევან
_eრედაქტორი
_99733
942 _2udc
_cBK